=LDR 00000nam 2200000 4500 =001 INLIS000000000003077 =005 20130612091405 =008 ***********************************Ind** =035 ##$$0010-061300000003077 =041 ##$$a Ind =082 ##$$a 636.6 =090 ##$$a 636.6, Tur s =100 ##$$a Turul, Rusli =245 ##$$a Sukses memelihara perenjak dan ciblek / Rusli Turul. -- =260 ##$$a 1998 $b Jakarta : Penebar Swada ya =300 ##$$a vii, 56 hlm. : ilus. ; 21 cm =650 ##$$a Burung nyanyi =850 ##$$a NBPNMAT